A execuȯ̂ na justiȧ do trabalho 2015

Detalles Bibliográficos
Autor principal: de Oliveira, Francisco Antonio
Formato: eBook
Lenguaje:portugués
Publicado: San Pablo: LTR Editora, 2015
Materias:
Acceso en línea:Acceso restringido

MARC

LEADER 00000nam a22000007a 4500
005 20150518222642.0
007 cr|||| ||||
008 150518s2015 br |||||s|||| 00||0 por d
020 |a 978-85-361-3232-7 
035 |a 12701 
040 |a vLex 
090 |c 5435  |d 5435 
100 1 |a de Oliveira, Francisco Antonio 
245 1 2 |a A execuȯ̂ na justiȧ do trabalho 2015  |h [Recurso electrn̤ico] /  |c Francisco Antonio de Oliveira 
256 |a Servicio en ln̕ea 
260 |a San Pablo:  |b LTR Editora,  |c 2015 
300 |a 1 recurso electrn̤ico 
500 |a A execuȯ̂ ̌a parte mais nobre do procedimento e do processo. É nessa oportunidade que se busca transformar em realidade um comando sentencial, s̉ vezes abstrato, tornando-o realidade objetiva, com a entrega do bem de vida de que falavam os romanos. Como regra, ̌nessa oportunidade que o processo empaca, com a necessidade de liquidaȯ̂ do an debeatur. As dificuldades, todavia, que possam existir, podem e devem ser contornadas por um juiz instrutor atento e dedicado. Para tanto, deve haver um rg̕ido controle a comeȧr pela citaȯ̂ para pagamento ou indicaȯ̂ de bens para a garantia do juz̕o. A partir da,̕ todos os atos devem ser controlados, nô deixando que o processo prossiga ̉deriva, sem rumo ou sem norte. 
506 1 |a Disponible solo en los productos indicados  |d vLex Global  |d vLex Global (Academic Edition, excluding Law Schools)  |d vLex Global (U.S. Academic Edition, Law Schools)  |d vLex Global (U.S. Academic Edition, excluding Law Schools)  |d vLex Global (Academic Edition, Law Schools) 
650 0 4 |a Derecho Laboral y Seguridad Social  |z Brasil 
740 0 |a vLex Libros (Servicio en ln̕ea) 
856 4 0 |u http://vlex.com/source/execu-o-na-justi-a-do-trabalho-2015-12701  |z Acceso restringido 
942 |c BOOK 
999 0 |a Labor and Social Security